Zamerané na zdravie?

Špecifikácia výrobcov tukov a olejov. Rozdelenie tukov a olejov. Obľúbenosť olejov s príchuťami. Ceny olejov a obalové trendy. Merchandising tukov a olejov.

Guardado en:
Detalles Bibliográficos
Autor principal: Košťál, Daniel
Formato: Capítulo de libro
Lenguaje:eslovaco
Materias:
Etiquetas: Agregar Etiqueta
Sin Etiquetas, Sea el primero en etiquetar este registro!

MARC

LEADER 00000naa a2200000 4500
001 r046306
005 20231004094153.2
041 0 |a slo 
044 |a SK 
245 1 0 |a Zamerané na zdravie?  |c Daniel Košťál 
520 |a Špecifikácia výrobcov tukov a olejov. Rozdelenie tukov a olejov. Obľúbenosť olejov s príchuťami. Ceny olejov a obalové trendy. Merchandising tukov a olejov. 
610 2 0 |a tuky 
610 2 0 |a oleje rastlinné 
610 2 0 |a prieskum spotrebiteľský 
610 2 0 |a ceny spotrebiteľské 
610 2 0 |a obaly 
610 2 0 |a merchandising 
100 1 |a Košťál, Daniel